Building surveys and technical due diligence of commercial property (Record no. 111510)

MARC details
000 -LEADER
fixed length control field 02010cad a22002655a 4500
001 - CONTROL NUMBER
control field E151643
008 - FIXED-LENGTH DATA ELEMENTS--GENERAL INFORMATION
fixed length control field 101123s2010 xxk 000 0 eng u
020 ## - INTERNATIONAL STANDARD BOOK NUMBER
ISBN 9781842196274
035 ## - SYSTEM CONTROL NUMBER
System control number (Sirsi) u151643
041 0# - LANGUAGE CODE
Language code of text/sound track or separate title eng
050 04 - Library of Congress Classification
Class mark 690.2 $2 18
110 2# - MAIN ENTRY--CORPORATE NAME
Corporate author Royal Institution of Chartered Surveyors
245 00 - TITLE STATEMENT
Title Building surveys and technical due diligence of commercial property
Statement of responsibility, etc [archived]
250 ## - EDITION
Edition statement 4th ed.
260 ## - PUBLICATION INFORMATION
Place of publication Coventry
Publisher RICS
Date 2010
490 #0 - SERIES TITLE
Series statement RICS Guidance Note
Volume GN 63/2010
520 ## - ABSTRACT
Abstract Supersedes "Building surveys and inspections of commercial and industrial property" (2005). This guidance note has been prepared to provide surveyors and clients with a source of information and guidance in respect of commercial and industrial property surveys. Such surveys may also include large residential apartment buildings. This guidance is written to apply to England and Wales, although much of its content is equally applicable elsewhere. It is operative from October 2010. Superseded by Technical due diligence of commercial property ISBN 9781783213788
520 ## - ABSTRACT
Abstract Supersedes third edition (ISBN 1842191934).
520 ## - ABSTRACT
Abstract Superseded by Technical due diligence of commercial property 1st edition, global guidance note (ISBN 9781783213788) which replaces <br/>• Building surveys and technical due diligence of commercial property, England and Wales (fourth edition)<br/>• Technical due diligence of commercial and industrial property, Australia (first edition)<br/>• Technical due diligence of commercial and industrial property, New Zealand (first edition)<br/>• Technical due diligence of commercial, industrial and residential property in Continental Europe (first edition).
590 ## - LOCAL NOTE (RLIN)
Local note KA NTK
651 #4 - SUBJECT ADDED ENTRY--GEOGRAPHIC NAME
Geographic name England and Wales
690 ## - BROAD SUBJECT
Broad subject Building surveying
9 (RLIN) 6225
856 40 - ONLINE RESOURCE
Uniform Resource Identifier <a href="https://www.isurv.com/downloads/download/135/building_surveys_and_technical_due_diligence_of_commercial_property_archived">https://www.isurv.com/downloads/download/135/building_surveys_and_technical_due_diligence_of_commercial_property_archived</a>
Public note Archived on iSurv (subscription required)
942 ## - ADDED ENTRY ELEMENTS (KOHA)
Suppress in OPAC Do not suppress in OPAC
Holdings
Lost status Source of classification or shelving scheme Damaged status Not for loan Home library Current library Shelving location Date acquired Total Checkouts Full call number Barcode Date last seen Copy number Price effective from Koha item type
Missing from bundle       London London RICS Boxes 07/12/2010   RICS 2010/19 30075518 06/08/2019 1 06/08/2019 Archive
  Dewey Decimal Classification     London London RICS Boxes 27/07/2017   RICS 2010/19 30078412 06/08/2019 1 06/08/2019 Archive
  Dewey Decimal Classification     London London RICS Boxes 27/07/2017   RICS 2010/19 30078402 06/08/2019 2 06/08/2019 Book
  Dewey Decimal Classification     Virtual Virtual Online 23/11/2010   isurv 151643-1001 25/09/2023 1 06/08/2019 Online material